[Event "Campeonato de Chile FENACH 2004"]
[Site "Chile"]
[Date "2005.01.04"]
[Round "1"]
[White "Rios, Adan"]
[Black "Vasquez, Rodrigo"]
[Result "0-1"]
[WhiteElo "2235"]
[BlackElo "2561"]
[PlyCount "82"]
[EventDate "2005.01.04"]
[SourceDate "2005.01.04"]

1. e4 c5 2. Nf3 d6 3. d4 cxd4 4. Nxd4 Nf6 5. Nc3 a6 6. Bg5 e6 7. a4 Nc6 8. Be2
Be7 9. O-O O-O 10. Qd2 Qc7 11. Kh1 Rd8 12. f4 h6 13. Bxf6 Bxf6 14. Nb3 b6 15.
Nd1 Na5 16. Nxa5 bxa5 17. c3 Rb8 18. Bd3 Qb6 19. Qe2 Be7 20. Bc2 Bb7 21. Rb1 d5
22. exd5 Bxd5 23. Ne3 Ba2 24. Ra1 Bc5 25. Ng4 Bd5 26. Ne5 Qxb2 27. Nd7 Qxc3 28.
Rfc1 Qe3 29. Qxe3 Bxe3 30. Nxb8 Bxc1 31. Rxc1 Rxb8 32. Bd3 f5 33. Rc5 Rb3 34.
Bc2 Rb4 35. Kg1 Rxf4 36. Rxa5 {#} 36... Bc4 37. g3 Rf1+ 38. Kg2 Rc1 39. Bxf5
exf5 40. Rxf5 Ra1 41. Rc5 Rxa4 0-1

[Event "Campeonato de Chile FENACH 2004"]
[Site "Chile"]
[Date "2005.01.04"]
[Round "1"]
[White "Lopez, Hugo"]
[Black "Riffo, Elizardo"]
[Result "1-0"]
[WhiteElo "2386"]
[BlackElo "2299"]
[PlyCount "117"]
[EventDate "2005.01.04"]
[SourceDate "2005.01.04"]

1. e4 e6 2. d4 d5 3. Nc3 Bb4 4. Nge2 Nf6 5. Bg5 h6 6. Bxf6 Qxf6 7. a3 Bxc3+ 8.
Nxc3 dxe4 9. Nxe4 Qe7 10. Qh5 Nd7 11. O-O-O O-O 12. f4 b6 13. Bd3 Bb7 14. Rhe1
Nf6 15. Qh4 Rfe8 16. Nf2 Nd5 17. Qg3 Qf6 18. Re4 Ne7 19. Ng4 Qg6 20. Re2 Nf5
21. Qh3 h5 22. Ne3 Qh6 23. Nxf5 exf5 24. Qxf5 Rxe2 25. Bxe2 Re8 26. Bc4 Re7 27.
g3 Be4 28. Qc8+ Kh7 29. Qd8 Qd6 30. Qf8 Kg6 31. Re1 f5 32. c3 a5 33. h4 Qd7 34.
Bb5 Qd6 35. Bc4 Qd7 36. Bb5 Qe6 37. d5 Qf6 38. Be8+ Kh7 39. Qxf6 gxf6 40. Bxh5
Rd7 41. c4 Kh6 42. Bd1 b5 43. b3 a4 44. cxb5 Rxd5 45. bxa4 Rd3 46. g4 Rxa3 47.
gxf5 Bxf5 48. Re7 Rc3+ 49. Kb2 Rc4 50. Bb3 Rxf4 51. Rxc7 Rxh4 52. b6 Rb4 53.
Rc6 Kg5 54. Ka3 Rd4 55. Rc5 Kf4 56. a5 Be4 57. a6 Rd6 58. Rb5 Bd3 59. Rb4+ 1-0

[Event "Campeonato de Chile FENACH 2004"]
[Site "Chile"]
[Date "2005.01.04"]
[Round "1"]
[White "Valdes, Alvaro"]
[Black "Sepulveda, Jorge"]
[Result "1/2-1/2"]
[WhiteElo "2126"]
[BlackElo "2270"]
[PlyCount "66"]
[EventDate "2005.01.04"]
[SourceDate "2005.01.04"]

1. c4 c5 2. Nc3 g6 3. g3 Bg7 4. Bg2 Nc6 5. a3 e6 6. Rb1 Nge7 7. e4 O-O 8. Nge2
d5 9. exd5 exd5 10. cxd5 Ne5 11. d4 cxd4 12. Nxd4 Nf5 13. Nc2 b6 14. O-O Ba6
15. Re1 Nd3 16. Re4 Nd6 17. Re3 Nxc1 18. Qxc1 Bh6 19. f4 g5 20. Rf3 gxf4 21.
gxf4 Qf6 22. Qd2 Rac8 23. Qd4 Qxd4+ 24. Nxd4 Rc4 25. Rd1 Bg7 26. Nc6 Rxc3 27.
bxc3 Be2 28. Rdd3 Bxf3 29. Bxf3 Re8 30. Kf2 Bf6 31. Re3 Rxe3 32. Kxe3 Bxc3 33.
Nxa7 Bb2 1/2-1/2

[Event "Campeonato de Chile FENACH 2004"]
[Site "Chile"]
[Date "2005.01.04"]
[Round "1"]
[White "Cuevas, Walter"]
[Black "Maturana, Ignacio"]
[Result "0-1"]
[WhiteElo "2185"]
[BlackElo "2142"]
[PlyCount "50"]
[EventDate "2005.01.04"]
[SourceDate "2005.01.04"]

1. e4 c5 2. Nf3 d6 3. d4 cxd4 4. Nxd4 Nf6 5. Nc3 a6 6. Be2 b5 7. O-O e6 8. a3
Bb7 9. Qe1 Be7 10. f4 Qb6 11. Be3 Nxe4 12. Nxe4 Bxe4 13. Nf5 Qb7 14. Nxg7+ Kd7
15. f5 Rg8 16. fxe6+ fxe6 17. Rf7 Bg6 18. Bxb5+ Qxb5 19. Rxe7+ Kxe7 20. Bg5+
Qxg5 21. Qxe6+ Kf8 22. Nf5 Bxf5 23. Qxd6+ Kg7 24. Re1 Nd7 25. h4 Qf6 0-1

[Event "Campeonato de Chile FENACH 2004"]
[Site "Chile"]
[Date "2005.01.04"]
[Round "2"]
[White "Vasquez, Rodrigo"]
[Black "Lenoir, Gabriel"]
[Result "1-0"]
[WhiteElo "2561"]
[BlackElo "2202"]
[PlyCount "39"]
[EventDate "2005.01.04"]
[SourceDate "2005.01.04"]

1. e4 c5 2. Nf3 d6 3. d4 cxd4 4. Nxd4 Nf6 5. Nc3 a6 6. Bg5 e6 7. f4 b5 8. e5
dxe5 9. fxe5 Qc7 10. exf6 Qe5+ 11. Be2 Qxg5 12. O-O Qe5 13. Nf3 Bc5+ 14. Kh1
Qxf6 15. Ne4 Qe7 16. Ne5 O-O 17. Rxf7 Rxf7 18. Nxf7 Kxf7 19. Bh5+ Kg8 20. Nxc5
1-0

[Event "Campeonato de Chile FENACH 2004"]
[Site "Chile"]
[Date "2005.01.04"]
[Round "2"]
[White "Maturana, Ignacio"]
[Black "Vera, Sergio"]
[Result "1-0"]
[WhiteElo "2142"]
[BlackElo "2171"]
[PlyCount "55"]
[EventDate "2005.01.04"]
[SourceDate "2005.01.04"]

1. e4 c5 2. Nc3 Nc6 3. f4 g6 4. Nf3 Bg7 5. Bc4 d6 6. O-O e6 7. f5 gxf5 8. d3
Nf6 9. Qe1 a6 10. a4 Nd4 11. Nxd4 cxd4 12. Nd1 d5 13. exd5 Nxd5 14. Rxf5 Ne3
15. Nxe3 dxe3 16. Bxe3 Bxb2 17. Rb1 Bd4 18. c3 Bg7 {#} 19. Qg3 Bxc3 20. Rg5 Rf8
21. Kh1 Bf6 22. Rg8 Kd7 23. Rg4 Qc7 {#} 24. Bxe6+ fxe6 25. Rg7+ Bxg7 26. Qxg7+
Kd6 27. Qxf8+ Kd5 28. Rc1 1-0

[Event "Campeonato de Chile FENACH 2004"]
[Site "Chile"]
[Date "2005.01.04"]
[Round "2"]
[White "Sepulveda, Jorge"]
[Black "Cuevas, Walter"]
[Result "1-0"]
[WhiteElo "2270"]
[BlackElo "2185"]
[PlyCount "133"]
[EventDate "2005.01.04"]
[SourceDate "2005.01.04"]

1. e4 c6 2. d4 d5 3. Nc3 dxe4 4. Nxe4 Nd7 5. Ng5 Ngf6 6. N1f3 e6 7. Bd3 Bd6 8.
Qe2 h6 9. Ne4 Nxe4 10. Qxe4 Nf6 11. Qh4 Ke7 12. Ne5 Bxe5 13. dxe5 Qa5+ 14. c3
Qxe5+ 15. Be3 b6 16. O-O-O g5 17. Qa4 c5 18. Rhe1 Qc7 19. f4 Nd5 20. f5 Nxe3
21. Rxe3 Bd7 22. Bb5 Bxb5 23. Qxb5 Rad8 24. Rde1 Rd6 25. h4 Rhd8 26. hxg5 hxg5
27. Qc4 Qd7 28. Qg4 Rg8 29. Qh5 Kd8 30. Qh7 Re8 31. Qg7 Kc7 32. Qxg5 Rd8 33.
Qf4 Kc8 34. Qf3 Kb8 35. fxe6 fxe6 36. Qg4 Qf7 37. Rxe6 Rxe6 38. Qxe6 Qf2 39.
Qe2 Qf7 40. a3 Rg8 41. Qe5+ Kc8 42. g3 Qg6 43. Rf1 Qg4 44. Rf7 Qg5+ 45. Qxg5
Rxg5 46. Rf3 Kb7 47. b3 Rh5 48. Kd2 Rh2+ 49. Ke3 Rb2 50. g4 Rxb3 51. Kf2 Rb1
52. g5 Rh1 53. g6 Rh8 54. g7 Rg8 55. Rf7+ Ka6 56. c4 b5 57. cxb5+ Kxb5 58. Rxa7
Kb6 59. Rf7 Kb5 60. Ke3 Ka4 61. Kd3 Kb5 62. a4+ Kb6 63. Ke4 Kc6 64. a5 Kd6 65.
a6 Kc6 66. Rb7 Kd6 67. a7 1-0

[Event "Campeonato de Chile FENACH 2004"]
[Site "Chile"]
[Date "2005.01.04"]
[Round "2"]
[White "Riffo, Elizardo"]
[Black "Valdes, Alvaro"]
[Result "0-1"]
[WhiteElo "2299"]
[BlackElo "2126"]
[PlyCount "88"]
[EventDate "2005.01.04"]
[SourceDate "2005.01.04"]

1. e4 c5 2. Nf3 d6 3. d4 cxd4 4. Nxd4 Nf6 5. Nc3 a6 6. Rg1 b5 7. a4 bxa4 8.
Rxa4 Bb7 9. Nb3 e6 10. g4 Nc6 11. g5 Nd7 12. Rg3 Be7 13. Qh5 g6 14. Qg4 Nb6 15.
Ra1 d5 16. exd5 Nb4 17. Bd3 N4xd5 18. Na5 Qc7 19. Nxb7 Qxb7 20. Nxd5 exd5 21.
Qd4 O-O 22. Bd2 Rfe8 23. Kf1 Bd6 24. f4 Rec8 25. Ra5 Bf8 26. f5 Bg7 27. f6 Bf8
28. Rh3 Nc4 29. Bxc4 dxc4 30. Rd5 Qc6 31. Rh4 Rab8 32. Bc3 Rb5 33. Rxb5 axb5
34. Qe4 Qd7 35. Bd4 Re8 36. Qg2 Qf5+ 37. Qf2 Qxg5 38. Rh3 Bd6 39. Re3 Rxe3 40.
Bxe3 Qe5 41. c3 Qxh2 42. Qxh2 Bxh2 43. Bh6 Be5 44. Bg7 Bf4 0-1

[Event "Campeonato de Chile FENACH 2004"]
[Site "Chile"]
[Date "2005.01.05"]
[Round "3"]
[White "Llorens, Marcelo"]
[Black "Vásquez, Rodrigo"]
[Result "0-1"]
[WhiteElo "2418"]
[BlackElo "2561"]
[PlyCount "86"]
[EventDate "2005.01.04"]
[SourceDate "2005.01.04"]

1. e4 c5 2. Nc3 d6 3. f4 g6 4. Nf3 Bg7 5. Bb5+ Bd7 6. Bxd7+ Qxd7 7. O-O Nc6 8.
d3 e6 9. Be3 Nge7 10. Qe1 f5 11. Rd1 Nd4 12. Qf2 Nxf3+ 13. Qxf3 Nc6 14. g4 fxg4
15. Qxg4 Bd4 16. Bxd4 Nxd4 17. Rd2 O-O-O 18. Nd1 d5 19. c3 Nc6 20. Nf2 Rhf8 21.
Re2 d4 22. e5 dxc3 23. bxc3 {#} 23... g5 24. fxg5 Rf5 25. Rfe1 Rg8 26. h4 h6
27. Re3 hxg5 28. Nh3 Qd8 29. Rg3 Nxe5 30. Rxe5 Rxe5 31. Nxg5 Qf6 32. d4 Re1+
33. Kh2 Qf1 34. Rg1 Qxg1+ 35. Qxg1 Rxg1 36. Kxg1 cxd4 37. cxd4 Rh8 38. Nf3 b5
39. Kf2 a5 40. Ke3 Kc7 41. Kd3 Kd6 42. Kc3 Kd5 43. Kd3 b4 0-1

[Event "Campeonato de Chile FENACH 2004"]
[Site "?"]
[Date "2005.01.05"]
[Round "3"]
[White "Lenoir, Gabriel"]
[Black "Maturana, Ignacio"]
[Result "1-0"]
[WhiteElo "2202"]
[BlackElo "2142"]
[PlyCount "130"]
[SourceDate "2005.01.04"]

1. e4 c5 2. Nf3 d6 3. d4 cxd4 4. Nxd4 Nf6 5. Nc3 a6 6. Be2 e6 7. Be3 b5 8. Bf3
e5 9. Nb3 Qc7 10. Qd2 Bb7 11. O-O Nbd7 12. a4 b4 13. Nd5 Nxd5 14. exd5 a5 15.
Rfc1 Qc4 16. Rd1 Be7 17. Be2 Qc7 18. Rac1 O-O 19. c3 bxc3 20. Rxc3 Qd8 21. Bb5
f5 22. Bc6 Bxc6 23. dxc6 {#} 23... f4 24. Qd5+ Kh8 25. c7 Qc8 {#} 26. Rdc1 fxe3
27. Qxa8 exf2+ 28. Kf1 Qxa8 29. c8=Q Qa7 30. Qc7 Qa6+ 31. Qc4 Qxc4+ 32. Rxc4
Nb6 33. R4c2 Nxa4 34. Rxf2 Nxb2 35. Rxf8+ Bxf8 36. Nxa5 Nd3 37. Rc7 Nc5 38. Nc6
Kg8 39. Nb4 Ne6 40. Rd7 h6 41. h4 h5 42. Kf2 Kh7 43. g4 hxg4 44. Kg3 Kg6 45.
Kxg4 Nf4 46. Nc6 Kf6 47. Rd8 Ne6 48. Re8 Kf7 49. Ra8 Kf6 50. Nb4 Ke7 51. Nd5+
Kd7 52. Kf5 Nd4+ 53. Kg6 Ke6 54. Nc7+ Kd7 55. Rxf8 Kxc7 56. Rf7+ Kc6 57. Kxg7
Ne6+ 58. Kf6 Nf4 59. Kg5 Kd5 60. Rf6 Ne6+ 61. Kg4 e4 62. h5 e3 63. Rf1 Ke4 64.
h6 e2 65. Re1 Nf4 $138 1-0

[Event "Campeonato de Chile FENACH 2004"]
[Site "?"]
[Date "2005.01.05"]
[Round "3"]
[White "Lopéz, Hugo"]
[Black "Ríos, Adán"]
[Result "0-1"]
[WhiteElo "2389"]
[BlackElo "2235"]
[PlyCount "100"]
[SourceDate "2005.01.04"]

1. e4 c5 2. Nf3 Nc6 3. d4 cxd4 4. Nxd4 Nf6 5. Nc3 d6 6. f3 e5 7. Nb3 Be7 8. Be3
Be6 9. Qd2 O-O 10. Nd5 Bxd5 11. exd5 Nb8 12. Be2 Nbd7 13. O-O a5 14. Rfd1 Re8
15. a4 Nh5 16. Bb5 Nhf6 17. Qe2 Rf8 18. c3 Nb6 19. c4 Nbd7 20. f4 Ne4 21. Bxd7
Qxd7 22. fxe5 dxe5 23. c5 Rfc8 24. d6 Bd8 25. Qc4 Qc6 26. Rac1 Nf6 27. h3 Qe4
28. Bd2 Qxc4 29. Rxc4 Nd7 30. Rdc1 Rc6 {#} 31. Nxa5 Bxa5 32. b4 Bd8 33. a5 Rac8
34. Be3 b5 35. axb6 Bxb6 36. Kf1 f6 37. Ke2 Kf7 38. Rh4 h6 39. Ra1 Bd8 40. b5
Rxc5 41. Bxc5 Rxc5 42. Ra7 Ke6 43. Ra8 Bb6 44. Re8+ Kxd6 45. Rg4 g5 46. Rh8
Rxb5 47. Rxh6 Rb2+ 48. Kd3 Rb3+ 49. Kc2 Rb5 50. Kd3 Kd5 $138 0-1

[Event "Campeonato de Chile FENACH 2004"]
[Site "?"]
[Date "2005.01.05"]
[Round "3"]
[White "Cuevas, Walter"]
[Black "Riffo, Elizardo"]
[Result "1-0"]
[WhiteElo "2185"]
[BlackElo "2299"]
[PlyCount "82"]
[SourceDate "2005.01.04"]

1. e4 e6 2. d4 d5 3. Nd2 c5 4. exd5 exd5 5. Bb5+ Nc6 6. Qe2+ Be6 7. dxc5 Bxc5
8. Nb3 Bb6 9. Nf3 Nge7 10. Nfd4 Bd7 11. Be3 O-O 12. O-O-O Rc8 13. Kb1 Re8 14.
Nxc6 bxc6 15. Ba6 Rb8 16. c4 Nf5 17. c5 Bc7 18. Qd2 Nxe3 19. fxe3 Qe7 20. Rde1
{#} 20... Rxb3 21. axb3 Qxc5 22. e4 Ba5 23. Qe3 d4 24. Rc1 Qb6 25. Qd3 c5 26.
Bc4 Bb4 27. Rhf1 Be6 28. Rc2 Bxc4 29. Qxc4 Qe6 30. Re2 Qg6 31. Qd3 h6 32. Rf3
a5 33. g3 Qc6 34. Qc4 Re7 35. Rf5 Ra7 36. Rd5 a4 37. Rxd4 axb3 38. Rd8+ Kh7 39.
Qxb3 Qa6 40. Rf2 Qa1+ 41. Kc2 Qg1 $138 1-0

[Event "Campeonato de Chile FENACH 2004"]
[Site "?"]
[Date "2005.01.05"]
[Round "3"]
[White "Vera, Sergio"]
[Black "Sepulveda, Jorge"]
[Result "1-0"]
[WhiteElo "2171"]
[BlackElo "2270"]
[PlyCount "91"]
[SourceDate "2005.01.04"]

1. Nf3 Nf6 2. c4 c5 3. Nc3 Nc6 4. d4 cxd4 5. Nxd4 e6 6. Ndb5 d6 7. Bf4 e5 8.
Bg5 a6 9. Na3 Be6 10. g3 Be7 11. Bg2 h6 12. Bc1 O-O 13. O-O Re8 14. b3 Bf8 15.
Nc2 Qa5 16. Bd2 Qc7 17. Rc1 Qd7 18. Ne3 Bh3 19. Ned5 Nxd5 20. Nxd5 Bxg2 21.
Kxg2 Rad8 22. Bxh6 Qf5 23. Be3 g5 24. Qc2 e4 25. f3 Bg7 26. fxe4 Qxe4+ 27. Qxe4
Rxe4 28. Bxg5 Rxe2+ 29. Rf2 Rde8 30. Nf6+ Bxf6 31. Bxf6 Nb4 32. Rd1 R8e6 33.
Rxe2 Rxe2+ 34. Kf3 Rxa2 35. Rxd6 Ra3 36. Rb6 Rxb3+ 37. Kg4 a5 38. Rxb7 Kh7 39.
Kh5 Rf3 40. Rxf7+ Kg8 41. Kg6 Nd3 42. Rg7+ Kf8 43. Rd7 Re3 44. Rd8+ Re8 45.
Rxd3 a4 46. Rd7 1-0

[Event "Campeonato de Chile FENACH 2004"]
[Site "?"]
[Date "2005.01.05"]
[Round "4"]
[White "Arancibia, Eduardo"]
[Black "Cuevas, Walter"]
[Result "1-0"]
[WhiteElo "2364"]
[BlackElo "2185"]
[PlyCount "87"]
[SourceDate "2005.01.04"]

1. e4 c6 2. Nc3 d5 3. Nf3 dxe4 4. Nxe4 Nd7 5. Bc4 e6 6. d4 Ngf6 7. Ng3 Nb6 8.
Bd3 c5 9. dxc5 Bxc5 10. O-O O-O 11. c4 Qc7 12. Qe2 Bd7 13. b3 Rad8 14. Bb2 Be7
15. Rad1 Bc6 16. Ne5 Nbd7 17. Nxc6 Qxc6 18. Nf5 exf5 19. Qxe7 Rfe8 20. Qa3 g6
21. Bb1 Nh5 22. Qd6 Qxd6 23. Rxd6 Nc5 24. Rxd8 Rxd8 25. Re1 Ne6 26. g3 b6 27.
Kg2 Rd7 28. Bc3 Nhg7 29. Bc2 h5 30. Rd1 Rxd1 31. Bxd1 Ne8 32. Be5 Kf8 33. Be2
Ke7 34. Bb8 a5 35. Ba7 Nd4 36. Kf1 Nc6 37. Bxb6 Nd6 38. Bf3 Ne4 39. Ke2 Kd6 40.
Ke3 Nc3 41. Bxc6 Kxc6 42. Bxa5 Nxa2 43. Kd2 Kc5 44. Kc2 1-0

[Event "Campeonato de Chile FENACH 2004"]
[Site "?"]
[Date "2005.01.05"]
[Round "4"]
[White "Llorens, Marcelo"]
[Black "Lopez, Hugo"]
[Result "1/2-1/2"]
[WhiteElo "2418"]
[BlackElo "2386"]
[PlyCount "126"]
[SourceDate "2005.01.04"]

1. e4 e5 2. Nf3 Nc6 3. Bb5 a6 4. Ba4 Nf6 5. Qe2 b5 6. Bb3 Be7 7. O-O O-O 8. c3
d6 9. d4 Bg4 10. Rd1 Qc8 11. h3 Bh5 12. Bg5 Re8 13. a4 Na5 14. Bc2 c6 15. Nbd2
h6 16. Be3 Bf8 17. dxe5 dxe5 18. Nf1 Bg6 19. Ng3 Nh5 20. Nxh5 Bxh5 21. g4 Bg6
22. Nh4 Bh7 23. Nf5 Qc7 24. axb5 axb5 25. b3 Nb7 26. b4 Nd6 27. Bc5 Nb7 28.
Bxf8 Rxf8 29. Bb3 Rfd8 30. Rxa8 Rxa8 31. c4 bxc4 32. Qxc4 Re8 33. Nd6 Nxd6 34.
Rxd6 Rc8 35. Qc5 Bxe4 36. Qxe5 Rb8 37. Qd4 Bd5 38. Bxd5 cxd5 39. Rxd5 Qc1+ 40.
Kg2 Qc6 41. Qc5 Qa8 42. Qa5 Qc6 43. Kh2 Kh7 44. Qc5 Qa4 45. Rd4 Rb5 46. Qc4 Rb7
47. Qd3+ g6 48. Qe4 Qa7 49. Kg2 Re7 50. Qd5 Rb7 51. Rf4 Rd7 52. Qf3 Kg8 53. b5
Qb8 54. Rb4 Rd6 55. Qe4 Rb6 56. Qd5 Rd6 57. Qf3 Kg7 58. Rf4 Qc7 59. h4 Rb6 60.
Rb4 Qc5 61. Qb3 Qe7 62. Qb2+ Kh7 63. Qd4 Qb7+ 1/2-1/2

[Event "Campeonato de Chile FENACH 2004"]
[Site "?"]
[Date "2005.01.05"]
[Round "4"]
[White "Rios, Adán"]
[Black "Valdés, Alvaro"]
[Result "1-0"]
[WhiteElo "2235"]
[BlackElo "2126"]
[PlyCount "121"]
[SourceDate "2005.01.04"]

1. e4 c5 2. Nf3 d6 3. d4 cxd4 4. Nxd4 Nf6 5. Nc3 a6 6. Bc4 e6 7. Bb3 Be7 8. O-O
O-O 9. Be3 Qc7 10. Qf3 Nc6 11. Qg3 Nxd4 12. Bxd4 b5 13. e5 dxe5 14. Bxe5 Qc6
15. Rfe1 Bb7 16. Ne4 Ne8 17. Rad1 Kh8 18. Nd6 Bf6 19. Bxf6 Nxf6 20. Rd4 Qb6 21.
c3 Rad8 22. Red1 Bd5 23. Bxd5 Rxd6 24. Bf3 Rxd4 25. Rxd4 Rd8 26. Rxd8+ Qxd8 27.
Qf4 Kg8 28. g3 g6 29. a4 Nd5 30. Qd4 bxa4 31. Bxd5 exd5 32. c4 a3 33. bxa3 Qa5
34. Qxd5 Qxa3 35. c5 Qc1+ 36. Kg2 Qc2 37. h4 a5 38. Qd8+ Kg7 39. Qxa5 Qe4+ 40.
Kg1 Qb1+ 41. Kh2 Qc2 42. Qa1+ Kh6 43. Qd4 f6 44. Kg2 Kg7 45. Qd7+ Kh6 46. Qd5
Kg7 47. c6 Kh6 48. Qe6 f5 49. Qe3+ Kg7 50. Qe7+ Kh6 51. c7 Qc6+ 52. Kh2 Qc2 53.
Qe3+ Kg7 54. Qa7 Kh6 55. Qe3+ Kg7 56. Qb6 Kh6 57. Qa7 Qc6 58. Qe3+ Kg7 59. Qe7+
Kh6 60. Qf8+ Kh5 61. c8=Q 1-0

[Event "Campeonato de Chile FENACH 2004"]
[Site "?"]
[Date "2005.01.05"]
[Round "4"]
[White "Vasquez, Rodrigo"]
[Black "Maturana, Ignacio"]
[Result "1-0"]
[WhiteElo "2561"]
[BlackElo "2142"]
[PlyCount "91"]
[SourceDate "2005.01.04"]

1. e4 c5 2. Nf3 d6 3. d4 cxd4 4. Nxd4 Nf6 5. Nc3 a6 6. Bg5 e6 7. f4 Nbd7 8. Qf3
Qc7 9. O-O-O b5 10. Bd3 Bb7 11. Rhe1 Be7 12. Qg3 b4 13. Nd5 exd5 14. e5 dxe5
15. fxe5 Ne4 16. Bxe4 Bxg5+ 17. Qxg5 dxe4 18. Nf5 Qxe5 19. Nd6+ Kf8 20. Qxe5
Nxe5 21. Nxb7 Ng4 22. h3 Nf6 23. Nc5 g6 24. Nxe4 Kg7 25. Nd6 Ra7 26. Nc4 Rd7
27. Rxd7 Nxd7 28. Re7 Rd8 29. Na5 Kf6 30. Re4 Rc8 31. Rxb4 Rc5 32. Nc4 h5 33.
Ne3 g5 34. Rb7 Ke6 35. Kd2 f5 36. b4 Rb5 37. Ra7 Rxb4 38. Rxa6+ Rb6 39. Ra5
Rd6+ 40. Ke2 f4 41. Nf5 Rd5 42. Ng7+ Kd6 43. Rxd5+ Kxd5 44. Nxh5 Kc4 45. Kf3
Kc3 46. Nxf4 1-0

[Event "Campeonato de Chile FENACH 2004"]
[Site "?"]
[Date "2005.01.06"]
[Round "5"]
[White "Lopez, Hugo"]
[Black "Vasquez, Rodrigo"]
[Result "1/2-1/2"]
[WhiteElo "2386"]
[BlackElo "2561"]
[PlyCount "49"]
[SourceDate "2005.01.04"]

1. e4 e6 2. d4 d5 3. Nc3 Bb4 4. Nge2 Nc6 5. a3 Ba5 6. b4 Bb6 7. Be3 Nge7 8.
exd5 Nxd5 9. Nxd5 exd5 10. Nf4 Ne7 11. Bd3 Bf5 12. O-O O-O 13. c3 c6 {#} 14.
Nh5 Bc7 15. Bxf5 Nxf5 16. Qg4 g6 17. Bg5 f6 18. Bf4 Bxf4 19. Nxf4 Qd6 20. Rfe1
Rae8 21. g3 Nh6 22. Qh3 Nf7 23. Ne6 Ng5 24. Nxg5 fxg5 25. Qf1 1/2-1/2

[Event "Campeonato de Chile FENACH 2004"]
[Site "?"]
[Date "2005.01.06"]
[Round "5"]
[White "Cuevas, Walter"]
[Black "Rios, Adán"]
[Result "0-1"]
[WhiteElo "2185"]
[BlackElo "2235"]
[PlyCount "128"]
[SourceDate "2005.01.04"]

1. e4 c5 2. Nf3 Nc6 3. d4 cxd4 4. Nxd4 Nf6 5. Nc3 d6 6. Be2 e5 7. Nf3 h6 8. O-O
Be7 9. h3 Be6 10. Be3 O-O 11. Nh2 Re8 12. f4 exf4 13. Rxf4 d5 14. exd5 Nxd5 15.
Nxd5 Bxd5 16. Rf1 Bf6 17. Bf2 Bxb2 18. Rb1 Bf6 19. Ng4 Bg5 20. Rxb7 {#} 20...
Nd4 21. Bb5 Bxb7 22. Bxe8 Nf3+ 23. gxf3 Qxe8 24. Re1 Qc6 25. Ne5 Qe6 26. Qd7
Qxd7 27. Nxd7 Bxf3 28. c4 Bf4 29. Ne5 Bb7 30. Nd3 Bd2 31. Re7 Ba6 32. Ne5 f6
33. Nf3 Bb4 34. c5 Bd3 35. Rb7 a5 36. c6 Bf5 37. c7 Bd6 38. Nd4 Bd7 39. a4 Rc8
40. Nb5 Bxb5 41. axb5 Rxc7 42. Rxc7 Bxc7 43. b6 Bb8 44. Kg2 a4 45. Bc5 Kf7 46.
Kf3 Ke6 47. Bf8 g6 48. Ke4 Be5 49. b7 f5+ 50. Kd3 Kd5 51. Bxh6 a3 52. Bg7 Bc7
53. Kc3 Kc6 54. Kb3 Kxb7 55. Kxa3 Kc6 56. Kb3 Kd5 57. Kc2 Be5 58. Bf8 Ke4 59.
Kd2 Kf3 60. Be7 Bf4+ 61. Ke1 Kg3 62. h4 Kg4 63. Kf1 Bg3 64. h5 Kxh5 0-1

[Event "Campeonato de Chile FENACH 2004"]
[Site "?"]
[Date "2005.01.06"]
[Round "5"]
[White "Lenoir, Gabriel"]
[Black "Riffo, Elizardo"]
[Result "1/2-1/2"]
[WhiteElo "2202"]
[BlackElo "2299"]
[PlyCount "36"]
[SourceDate "2005.01.04"]

1. e4 e6 2. d3 d5 3. Nd2 c5 4. Ngf3 Nc6 5. g3 g6 6. Bg2 Bg7 7. O-O Nge7 8. c3
O-O 9. a4 b6 10. Re1 Ba6 11. Bf1 Qd7 12. Nb3 Rfd8 13. e5 Bxd3 14. Bxd3 c4 15.
Nbd2 cxd3 16. Nb3 f6 17. exf6 Bxf6 18. Bf4 d4 1/2-1/2

[Event "Campeonato de Chile FENACH 2004"]
[Site "?"]
[Date "2005.01.06"]
[Round "5"]
[White "Maturana, Ignacio"]
[Black "Sepulveda, Jorge"]
[Result "0-1"]
[WhiteElo "2142"]
[BlackElo "2270"]
[PlyCount "95"]
[SourceDate "2005.01.04"]

1. e4 c5 2. Nf3 Nc6 3. d4 cxd4 4. Nxd4 Nf6 5. Nc3 d6 6. Be2 e5 7. Nb3 Be7 8.
O-O Be6 9. Bg5 O-O 10. Kh1 Nxe4 11. Nxe4 Bxg5 12. Qxd6 Be7 13. Qxd8 Raxd8 14.
Rfd1 b6 15. Rxd8 Rxd8 16. Rd1 Rc8 17. c3 f5 18. Nd6 Rd8 19. Nb5 Rxd1+ 20. Bxd1
Bc4 21. a4 a6 22. Nc7 {#} 22... Bg5 23. Ne8 Kf8 24. Nc7 Nb8 25. a5 bxa5 26.
Nxa5 Ke7 27. Bb3 Bxb3 28. Nxb3 Kd7 29. Nd5 Kc6 30. Ne3 Bxe3 31. fxe3 Kb5 32.
Kg1 Nd7 33. Kf2 Nc5 34. Nc1 Kc4 35. Ke2 a5 36. h3 e4 37. Kd1 Nd3 38. Ne2 Nxb2+
39. Kc2 Nd3 40. Kb1 g6 41. Ka2 a4 42. g4 fxg4 43. hxg4 Ne5 44. g5 Nf3 45. Ka3
Kd3 46. Nf4+ Kxc3 47. Ne6 Kd3 48. Kxa4 0-1

[Event "Campeonato de Chile FENACH 2004"]
[Site "?"]
[Date "2005.01.06"]
[Round "5"]
[White "Vera, Sergio"]
[Black "Arancibia, Eduardo"]
[Result "0-1"]
[WhiteElo "2171"]
[BlackElo "2364"]
[PlyCount "80"]
[SourceDate "2005.01.04"]

1. Nf3 c5 2. c4 b6 3. g3 Bb7 4. Bg2 Nf6 5. Nc3 d6 6. O-O e6 7. d4 cxd4 8. Qxd4
a6 9. b3 Be7 10. Ba3 Nc6 11. Qd2 O-O 12. e4 Qb8 13. Rad1 Rd8 14. Qe3 b5 {#} 15.
e5 Ng4 16. Qf4 Ncxe5 17. Ne4 Nxf3+ 18. Qxf3 Ne5 19. Nf6+ gxf6 20. Qxb7 Qxb7 21.
Bxb7 Ra7 22. Bg2 bxc4 23. f4 Ng4 24. Rf3 cxb3 25. Rxb3 d5 26. h3 Bxa3 27. Rxa3
Nh6 28. g4 Kg7 29. Ra5 Ng8 30. Rb1 Rd6 31. Kf2 Rc6 32. Ke3 Ne7 33. Bf1 Nc8 34.
Rb8 Nd6 35. Kd4 Nc4 36. Ra4 Rd7 37. Be2 e5+ 38. Kd3 exf4 39. Kd4 Ne5 40. Bf1
Rc1 0-1

[Event "Campeonato de Chile FENACH 2004"]
[Site "?"]
[Date "2005.01.06"]
[Round "5"]
[White "Valdes, Alvaro"]
[Black "Llorens, Marcelo"]
[Result "0-1"]
[WhiteElo "2126"]
[BlackElo "2418"]
[PlyCount "66"]
[SourceDate "2005.01.04"]

1. c4 e5 2. Nc3 Nf6 3. Nf3 Nc6 4. e3 Bb4 5. Qc2 O-O 6. Nd5 Re8 7. Qf5 d6 8.
Nxf6+ Qxf6 9. Qxf6 gxf6 10. a3 Bc5 11. b4 Bb6 12. Bb2 Ne7 13. O-O-O a5 14. b5
c6 15. d4 cxb5 16. cxb5 Bf5 17. Rd2 Rac8+ 18. Kd1 {#} 18... a4 19. Nh4 Be6 20.
Bd3 Ba5 21. e4 Bxd2 22. Kxd2 Bc4 23. Rd1 Bxd3 24. Kxd3 d5 25. dxe5 dxe4+ 26.
Ke3 fxe5 27. Rd7 f6 28. g4 Rc2 29. Ba1 Ra2 30. Bc3 Rxa3 31. Kd2 Rb3 32. Rxb7
Rd8+ 33. Kc2 Nd5 0-1

[Event "Campeonato de Chile FENACH 2004"]
[Site "?"]
[Date "2005.01.06"]
[Round "6"]
[White "Llorens, Marcelo"]
[Black "Cuevas, Walter"]
[Result "1-0"]
[WhiteElo "2418"]
[BlackElo "2171"]
[PlyCount "71"]
[SourceDate "2005.01.04"]

1. b3 Nf6 2. Bb2 g6 3. g3 Bg7 4. Bg2 O-O 5. Nf3 d6 6. c4 e5 7. O-O Nc6 8. d4
exd4 9. Nxd4 Bd7 10. e4 Nxd4 11. Bxd4 Bc6 12. Nc3 Re8 13. Re1 Nh5 14. Bxg7 Nxg7
15. Nd5 Bxd5 16. cxd5 f5 17. exf5 Nxf5 18. Qc2 Qd7 19. Bh3 Qf7 20. Qc4 Kf8 21.
Re6 Ng7 {#} 22. Rae1 Nxe6 23. dxe6 Qg7 24. Re3 Re7 25. Rf3+ Kg8 26. Rf7 Qa1+
27. Kg2 Rae8 28. Bg4 Qe5 29. Rf3 d5 30. Qc1 Qe4 31. Qg5 h5 32. Bf5 Qe5 33.
Qxg6+ Qg7 34. Qxh5 Rf8 35. Rf4 Qc3 36. Rg4+ 1-0

[Event "Campeonato de Chile FENACH 2004"]
[Site "?"]
[Date "2005.01.06"]
[Round "6"]
[White "Arancibia, Eduardo"]
[Black "Lenoir, Gabriel"]
[Result "1-0"]
[WhiteElo "2364"]
[BlackElo "2202"]
[PlyCount "43"]
[SourceDate "2005.01.04"]

1. d4 Nf6 2. Nf3 g6 3. Nc3 d5 4. Bf4 Bg7 5. e3 Bg4 6. Be2 O-O 7. Ne5 Bxe2 8.
Qxe2 c5 9. dxc5 Nh5 10. O-O-O e6 11. h4 Nxf4 12. exf4 Nc6 13. Kb1 Rc8 14. h5 b6
15. hxg6 Nxe5 16. gxh7+ Kh8 17. fxe5 bxc5 18. Rd3 f6 19. exf6 Rxf6 20. Nd1 c4
21. Rg3 d4 {#} 22. Rxg7 1-0

[Event "Campeonato de Chile FENACH 2004"]
[Site "?"]
[Date "2005.01.06"]
[Round "6"]
[White "Lopez, Hugo"]
[Black "Valdes, Alvaro"]
[Result "1/2-1/2"]
[WhiteElo "2386"]
[BlackElo "2126"]
[PlyCount "37"]
[SourceDate "2005.01.04"]

1. e4 c5 2. c4 Nc6 3. Ne2 e5 4. g3 g6 5. Bg2 Bg7 6. O-O Nge7 7. Nbc3 O-O 8. d3
d6 9. h3 a6 10. Be3 Rb8 11. f4 Nd4 12. fxe5 dxe5 13. Qd2 Qd6 14. Rf2 b5 15. Nd5
Nxd5 16. cxd5 Bd7 17. Rc1 b4 18. b3 a5 19. Rb1 1/2-1/2